Music Quiz

Random Music or Clickable Quiz

David Bowie Cover Songs Quiz Stats

 Plays Quiz not verified by Sporcle

Challenge
Share
Tweet
Embed
Score 0/14 Timer 02:00
0 Plays Today
% Correct
Rolling Stones
93.5%
Beatles
92.5%
Martha and the Vandellas
81.4%
Beach Boys
81.4%
Velvet Underground
81.4%
Pink Floyd
80.4%
Stooges
77.4%
% Correct
Pixies
71.4%
Nina Simone
70.4%
Who
62.3%
Bruce Springsteen
61.8%
Kinks
53.8%
Easybeats
53.8%
Yardbirds
52.8%

You're not logged in!

Compare scores with friends on all Sporcle quizzes.
Join for Free
OR
Log In

You Might Also Like...

Show Comments

Extras

Top Quizzes Today


Score Distribution

Your Account Isn't Verified!

In order to create a playlist on Sporcle, you need to verify the email address you used during registration. Go to your Sporcle Settings to finish the process.

Report this User

Report this user for behavior that violates our Community Guidelines.

Details: